000 00262nam a22001217a 4500
082 _a891.43930
100 _aTariq Ismaeel Saagar
245 _aJASOOS KESE BANTA HAY
260 _aLahore,
_bSky,
_c2005.
300 _a440p. :
500 _aHardcover.
942 _cBK
999 _c32553
_d32553